Les joueurs les plus capés en Equipe de France de football - Statistiques

Statistiques générales
  • Ce quiz a été pris 447 fois
  • Le résultat moyen est 8 sur 10
Statistiques - réponses
Hint Réponse % Correct
108 Zinédine Zidane
94%
142 Lilian Thuram
89%
123 Thierry Henry
89%
103 Didier Deschamps
83%
97 Laurent Blanc
77%
87 Fabien Barthez
76%
116 Marcel Desailly
76%
97 Bixente Lizarazu
68%
107 Patrick Vieira
68%
92 Sylvain Wiltord
30%
Aucun quiz correspondant
Distribution des résultats
% des personnes avec chaque résultat
Percentile par nombre de réponses
Votre historique - résultats
Vous n’avez pas pris ce quiz